[Event "ENCI Limburg-open B"]
[Site "Maastricht"]
[Date "2010.05.21"]
[Round "1"]
[White "Strauss, Erich"]
[Black "Sofic, Narcis"]
[Result "1/2-1/2"]
[WhiteElo "1781"]
[BlackElo "1922"]
[PlyCount "92"]
[EventDate "2010.05.21"]
[EventType "swiss"]
[EventRounds "7"]
[EventCountry "NED"]
[Source "P.Boonen"]
[SourceDate "2010.10.01"]

1. e4 d5 2. Nc3 dxe4 3. Nxe4 Bf5 4. Ng3 Bg6 5. h4 h6 6. Be2 Nf6 7. h5 Bh7 8.
Bf3 c6 9. d3 Nbd7 10. Be4 Nxe4 11. dxe4 Qc7 12. Qe2 e6 13. Nh3 Bd6 14. f4 O-O-O
15. c3 Nc5 16. O-O Be7 17. Rf3 Rd7 18. Nf2 Rhd8 19. Be3 b6 20. Bd4 f6 21. b4
Nb7 22. Qa6 Kb8 23. e5 c5 24. exf6 cxd4 25. fxe7 Rxe7 26. cxd4 Rxd4 27. Ne2
Rxb4 28. Rc1 Rb1 29. Rfc3 Rxc1+ 30. Rxc1 Nc5 31. Qb5 a6 32. Qb4 Ka7 33. a4 a5
34. Qc4 Na6 35. Qd4 Qd7 36. Qc4 Nc5 37. Nd4 Kb7 38. Nb5 Qd5 39. Qc3 Rd7 40. Rd1
Qc6 41. Rc1 Bf5 42. g4 Be4 43. Qe5 Qd5 44. Rxc5 bxc5 45. Qxe4 Qxe4 46. Nxe4 Kc6
1/2-1/2

[Event "ENCI Limburg-open B"]
[Site "Maastricht"]
[Date "2010.05.21"]
[Round "1"]
[White "Thoma, Sophia"]
[Black "Hemmes, Maarten"]
[Result "1-0"]
[WhiteElo "1894"]
[BlackElo "1735"]
[PlyCount "85"]
[EventDate "2010.05.21"]
[EventType "swiss"]
[EventRounds "7"]
[EventCountry "NED"]
[Source "P.Boonen"]
[SourceDate "2010.10.01"]

1. e4 c5 2. c3 g6 3. d4 cxd4 4. cxd4 d5 5. exd5 Qxd5 6. Nc3 Qd8 7. Nf3 Bg7 8.
h3 Nf6 9. Bc4 Nbd7 10. Bxf7+ Kxf7 11. Ng5+ Ke8 12. Qb3 e6 13. Nxe6 Qe7 14. O-O
Nf8 15. Qb5+ Kf7 16. Nxg7 Kxg7 17. Bg5 Qf7 18. d5 N8d7 19. Rae1 Re8 20. Re3 b6
21. Qa4 h6 22. Bxf6+ Nxf6 23. Qd4 Ba6 24. Rfe1 Kh7 25. d6 Rxe3 26. Rxe3 Ng8 27.
Nd5 Rd8 28. Ne7 Qf6 29. Qxf6 Nxf6 30. Re6 Ne8 31. Nd5 Nxd6 32. Nf6+ Kg7 33.
Rxd6 Rxd6 34. Ne8+ Kf7 35. Nxd6+ Ke6 36. Ne4 Ke5 37. f3 Kd4 38. Kf2 Kd3 39. Nd6
Kc2 40. b4 Bd3 41. Nc8 a5 42. Nxb6 axb4 43. Nd5 1-0

[Event "ENCI Limburg-open B"]
[Site "Maastricht"]
[Date "2010.05.21"]
[Round "1"]
[White "Tsiros, Fragkiskos Vlasios"]
[Black "Debusschere, Helmuth"]
[Result "1-0"]
[WhiteElo "1712"]
[BlackElo "1884"]
[PlyCount "26"]
[EventDate "2010.05.21"]
[EventType "swiss"]
[EventRounds "7"]
[EventCountry "NED"]
[Source "P.Boonen"]
[SourceDate "2010.10.01"]

1. e4 c5 2. Nf3 d6 3. d4 cxd4 4. Nxd4 Nf6 5. Nc3 g6 6. Be3 Bg7 7. f3 O-O 8. Bc4
Nc6 9. Qd2 Bd7 10. O-O-O Rc8 11. Bb3 Ne5 12. h4 h5 13. g4 a6 {.....} 1-0

[Event "ENCI Limburg-open B"]
[Site "Maastricht"]
[Date "2010.05.21"]
[Round "1"]
[White "Tutenel, Erik"]
[Black "Kalla, Christian"]
[Result "0-1"]
[WhiteElo "1817"]
[BlackElo "1968"]
[PlyCount "98"]
[EventDate "2010.05.21"]
[EventType "swiss"]
[EventRounds "7"]
[EventCountry "NED"]
[Source "P.Boonen"]
[SourceDate "2010.10.01"]

1. e4 c5 2. d4 cxd4 3. c3 Nf6 4. e5 Nd5 5. cxd4 g6 6. Nf3 Bg7 7. Nc3 Nxc3 8.
bxc3 Qc7 9. Qc2 d6 10. Bf4 O-O 11. Be2 Nc6 12. exd6 exd6 13. O-O Nxd4 14. Nxd4
Bxd4 15. Rac1 Be5 16. Bh6 Re8 17. Bd3 Bg7 18. Bf4 Bd7 19. Rfd1 Be5 20. Bh6 d5
21. h3 Rac8 22. Bd2 Bc6 23. Qb3 Bf4 24. Qb4 Bxd2 25. Rxd2 Qe7 26. Qd4 Qa3 27.
Rdc2 Ba4 28. Qxa7 Ra8 29. Qxb7 Bxc2 30. Rxc2 Re1+ 31. Kh2 Qd6+ 32. g3 Rb8 33.
Qa7 Rbb1 34. Qd4 Rh1+ 35. Kg2 Rhg1+ 36. Kh2 Rh1+ 37. Kg2 Rbg1+ 38. Kf3 Rxh3 39.
c4 Rh5 40. c5 Qc6 41. Rb2 Qc7 42. c6 Rd1 43. Ke2 Rc1 44. Bc2 Re5+ 45. Kf3 Rce1
46. Bd3 Qxc6 47. Rb8+ Kg7 48. Kg2 Qf6 49. a4 Rg1+ 0-1

[Event "ENCI Limburg-open B"]
[Site "Maastricht"]
[Date "2010.05.21"]
[Round "1"]
[White "Uckerman, John"]
[Black "Timmermans, Stefan"]
[Result "0-1"]
[WhiteElo "1706"]
[BlackElo "1865"]
[PlyCount "80"]
[EventDate "2010.05.21"]
[EventType "swiss"]
[EventRounds "7"]
[EventCountry "NED"]
[Source "P.Boonen"]
[SourceDate "2010.10.01"]

1. e4 c5 2. Nf3 e6 3. a3 Nc6 4. d4 cxd4 5. Nxd4 a6 6. Nc3 Qc7 7. Be3 Nf6 8. Be2
Bd6 9. Ndb5 axb5 10. Nxb5 Qa5+ 11. Bd2 Bb4 12. Nd6+ Ke7 13. Bxb4 Nxb4 14. O-O
Nc6 15. Re1 Qc5 16. Bb5 Nd4 17. Bd3 Qxd6 18. e5 Qb6 19. exf6+ gxf6 20. Qg4 d5
21. c4 dxc4 22. Bf5 Kf8 23. Be4 f5 24. Qh4 fxe4 25. Rxe4 Nf5 26. Qf6 Rg8 27.
Rd1 Ne7 28. Red4 Ke8 29. Rf4 Rf8 30. Rh4 Ra5 31. Rxc4 Rf5 32. Qh4 Bd7 33. Qg3
Nc6 34. Ra4 Ra5 35. Qd6 Qd8 36. Rxa5 Nxa5 37. Rd4 Qc8 38. h4 Nc6 39. Rd2 Rg8
40. b4 Ne7 0-1

[Event "ENCI Limburg-open B"]
[Site "Maastricht"]
[Date "2010.05.21"]
[Round "1"]
[White "Van Herck, Raf"]
[Black "Zegstroo, Martin"]
[Result "1/2-1/2"]
[WhiteElo "1683"]
[BlackElo "1861"]
[PlyCount "81"]
[EventDate "2010.05.21"]
[EventType "swiss"]
[EventRounds "7"]
[EventCountry "NED"]
[Source "P.Boonen"]
[SourceDate "2010.10.01"]

1. Nc3 e5 2. Nf3 Nc6 3. d4 exd4 4. Nxd4 Nf6 5. g3 d5 6. Bg2 Be7 7. O-O Nxd4 8.
Qxd4 c6 9. Bg5 O-O 10. Rad1 h6 11. Bxf6 Bxf6 12. Qd3 Qa5 13. a3 Bxc3 14. Qxc3
Qxc3 15. bxc3 Bf5 16. Rd2 b5 17. Re1 Rfe8 18. h3 g5 19. g4 Bg6 20. e3 Re6 21.
Rde2 Rae8 22. f3 f5 23. gxf5 Bxf5 24. e4 Re5 25. Kf2 dxe4 26. fxe4 Bg6 27. Kg3
R8e7 28. Bh1 Kg7 29. Bg2 a5 30. Bh1 c5 31. Bg2 b4 32. cxb4 cxb4 33. axb4 axb4
34. Rb1 Rb7 35. Rb3 Bf7 36. Rb1 Rb6 37. Rd2 Rc5 38. Rd4 Rc3+ 39. Kh2 Rxc2 40.
Rdxb4 Rf6 41. R1b2 1/2-1/2

[Event "ENCI Limburg-open B"]
[Site "Maastricht"]
[Date "2010.05.21"]
[Round "1"]
[White "Van Liempt, Michael"]
[Black "Van den Born, Ico"]
[Result "1-0"]
[WhiteElo "1747"]
[BlackElo "1898"]
[PlyCount "129"]
[EventDate "2010.05.21"]
[EventType "swiss"]
[EventRounds "7"]
[EventCountry "NED"]
[Source "P.Boonen"]
[SourceDate "2010.10.01"]

1. e4 e6 2. d3 d5 3. Nd2 c5 4. g3 Nc6 5. Bg2 Nf6 6. Ngf3 Be7 7. O-O O-O 8. Re1
b5 9. a4 b4 10. h3 Ba6 11. b3 Rc8 12. Bb2 Na5 13. Ne5 Qc7 14. f4 Rcd8 15. Ng4
d4 16. e5 Ne8 17. Qe2 Bb7 18. Ne4 Kh8 19. Rf1 Bc8 20. Nh2 f5 21. Nd2 g6 22.
Rae1 Ng7 23. Bf3 Bb7 24. Qg2 g5 25. Bxb7 Qxb7 26. Qxb7 Nxb7 27. Rf3 gxf4 28.
gxf4 Bh4 29. Re2 Nh5 30. Rg2 Rg8 31. Nhf1 Rxg2+ 32. Kxg2 Rg8+ 33. Kh2 Na5 34.
Bc1 Rg6 35. Bb2 Kg8 36. Bc1 Kf8 37. Bb2 Ke8 38. Bc1 Kd7 39. Bb2 Nc6 40. Nc4 Ne7
41. Bc1 Nd5 42. Bd2 h6 43. Nd6 Ne3 44. Nxe3 Bg3+ 45. Rxg3 Nxg3 46. Be1 dxe3 47.
Bxg3 Kc6 48. Nc4 e2 49. Bf2 h5 50. Nd2 Kd5 51. Nf3 a6 52. Ng1 e1=Q 53. Bxe1 Kd4
54. Bd2 Rg8 55. Nf3+ Kd5 56. Be3 Rg7 57. Ng5 Rg6 58. Nh7 Rh6 59. Nf6+ Kc6 60.
Bf2 h4 61. Ne8 Rh7 62. Nd6 Kd5 63. Nc4 Rb7 64. Bxh4 Kd4 65. Be1 1-0

[Event "ENCI Limburg-open B"]
[Site "Maastricht"]
[Date "2010.05.21"]
[Round "1"]
[White "Van der Burgt, Dennis"]
[Black "Staudte, Rainer"]
[Result "0-1"]
[WhiteElo "1783"]
[BlackElo "1947"]
[PlyCount "151"]
[EventDate "2010.05.21"]
[EventType "swiss"]
[EventRounds "7"]
[EventCountry "NED"]
[Source "P.Boonen"]
[SourceDate "2010.10.01"]

1. Nc3 c5 2. Nf3 Nc6 3. d4 cxd4 4. Nxd4 Nf6 5. e4 d6 6. a4 g6 7. Be3 Bg7 8. f3
O-O 9. Bc4 Nd7 10. Qd2 Nde5 11. Ba2 Re8 12. h4 h5 13. Nce2 Bd7 14. c3 Na5 15.
b3 b6 16. Nf4 Rc8 17. Rc1 Kh7 18. Kf2 Nac6 19. Nd3 Rf8 20. Rhe1 f5 21. Bg5 fxe4
22. Rxe4 Bf5 23. Nxc6 Rxc6 24. Nxe5 Bxe5 25. Re2 Qc7 26. c4 Bf6 27. Bb1 Rc5 28.
Bxf6 Rxf6 29. Bxf5 Rcxf5 30. Rce1 e5 31. Qd5 Rf4 32. Re4 Qc5+ 33. Qxc5 bxc5 34.
Rxf4 Rxf4 35. g3 Rd4 36. Ke3 Kg7 37. Re2 Kf6 38. Rf2 g5 39. Rf1 gxh4 40. gxh4
Rxh4 41. Rg1 Rh2 42. Rg8 Rb2 43. Rb8 h4 44. Ke4 Ke6 45. Re8+ Kd7 46. Rh8 Rxb3
47. Rh7+ Kc6 48. Rxa7 h3 49. a5 Rb7 50. Ra6+ Kc7 51. Ra8 h2 52. Rh8 Rb2 53.
Rh7+ Kc6 54. a6 Re2+ 55. Kf5 Ra2 56. a7 Rxa7 57. Rxh2 Ra3 58. Ke6 Rd3 59. Ra2
Rd4 60. Ra6+ Kc7 61. Ra7+ Kb6 62. Rd7 Kc6 63. Ra7 Rxc4 64. Ra6+ Kb5 65. Rxd6 e4
66. f4 e3 67. Kf5 Re4 68. Rd1 Re8 69. Kg6 e2 70. Re1 Kc4 71. f5 Kd3 72. f6 c4
73. f7 Ra8 74. Kg7 c3 75. f8=Q Rxf8 76. Kxf8 0-1

[Event "ENCI Limburg-open B"]
[Site "Maastricht"]
[Date "2010.05.21"]
[Round "1"]
[White "Visser, Sebastiaan"]
[Black "Cillen, Jeroen"]
[Result "1-0"]
[WhiteElo "1731"]
[BlackElo "1893"]
[PlyCount "79"]
[EventDate "2010.05.21"]
[EventType "swiss"]
[EventRounds "7"]
[EventCountry "NED"]
[Source "P.Boonen"]
[SourceDate "2010.10.01"]

1. d4 Nf6 2. c4 g6 3. Nf3 Bg7 4. Nc3 O-O 5. Bg5 d6 6. g3 Nbd7 7. Bg2 c5 8. Qd2
cxd4 9. Nxd4 Ne5 10. b3 Re8 11. O-O Rb8 12. Rac1 Bd7 13. Ndb5 a6 14. Nd4 Nc6
15. Rc2 Nxd4 16. Qxd4 Bf5 17. Rcc1 Ne4 18. Qe3 Nxc3 19. Rxc3 Bxc3 20. Qxc3 f6
21. Bd5+ e6 22. Bxf6 Qd7 23. Bg2 Rf8 24. f4 b5 25. e4 bxc4 26. exf5 cxb3 27.
axb3 gxf5 28. Ra1 Rfc8 29. Qd3 Qc7 30. Bd4 a5 31. Qe2 Kf7 32. Qh5+ Kg8 33. Qg5+
Kf8 34. Qh6+ Kg8 35. Qxe6+ Qf7 36. Qxd6 Rd8 37. Qe5 Rxd4 38. Qxd4 Qe7 39. Bd5+
Kf8 40. Qh8# 1-0

[Event "ENCI Limburg-open B"]
[Site "Maastricht"]
[Date "2010.05.21"]
[Round "1"]
[White "Willen, Ronny"]
[Black "Heijenrath, Jan"]
[Result "1-0"]
[WhiteElo "1899"]
[BlackElo "1749"]
[PlyCount "139"]
[EventDate "2010.05.21"]
[EventType "swiss"]
[EventRounds "7"]
[EventCountry "NED"]
[Source "P.Boonen"]
[SourceDate "2010.10.01"]

1. e4 d6 2. d4 Nf6 3. Nc3 g6 4. Be2 Bg7 5. f4 c6 6. g4 h5 7. g5 Nfd7 8. Nf3 e5
9. dxe5 dxe5 10. f5 gxf5 11. exf5 Nb6 12. Qxd8+ Kxd8 13. f6 Bf8 14. Nxe5 Be6
15. Bf4 N8d7 16. O-O-O Ke8 17. a3 Nxe5 18. Bxe5 Nd7 19. Bf4 b5 20. Ne4 a5 21.
Rhe1 b4 22. a4 Nb6 23. b3 Nd5 24. Nd6+ Bxd6 25. Bxd6 Kd7 26. Bc5 Kc7 27. Bf3
Rae8 28. Bxd5 cxd5 29. Be7 Kd7 30. h4 Rhg8 31. Re5 Rc8 32. Rde1 Rc6 33. R1e2
Rgc8 34. Kb1 Rg8 35. Rd2 Rgc8 36. Kb2 Ke8 37. Rg2 Kd7 38. Rd2 Ke8 39. Re1 Kd7
40. Rg1 Rg8 41. Rg3 Rgc8 42. g6 fxg6 43. Rxg6 Rxc2+ 44. Rxc2 Rxc2+ 45. Kxc2
Bf5+ 46. Kd2 Bxg6 47. Bc5 Kc6 48. Bd4 Bf7 49. Ke3 Kd6 50. Bb6 Ke5 51. Bc7+ Kxf6
52. Kd4 Ke6 53. Bxa5 Bg6 54. Bxb4 Kd7 55. Bf8 Bc2 56. Kc3 Bd1 57. Bg7 Kc6 58.
Bd4 Kb7 59. Kb4 Ka6 60. Ka3 Be2 61. b4 Bc4 62. Be5 Be2 63. b5+ Kb6 64. Kb4 Kb7
65. a5 Bd3 66. a6+ Kb6 67. Bd4+ Kc7 68. b6+ Kc8 69. Ka5 Kb8 70. b7 1-0

[Event "ENCI Limburg-open B"]
[Site "Maastricht"]
[Date "2010.05.22"]
[Round "2"]
[White "Bachaus, Sander"]
[Black "Sanetra, Chris"]
[Result "0-1"]
[WhiteElo "1777"]
[BlackElo "2027"]
[PlyCount "64"]
[EventDate "2010.05.21"]
[EventType "swiss"]
[EventRounds "7"]
[EventCountry "NED"]
[Source "P.Boonen"]
[SourceDate "2010.10.01"]

1. e4 c5 2. a3 Nc6 3. b4 d6 4. b5 Ne5 5. f4 Ng6 6. f5 Ne5 7. c3 e6 8. d4 Qh4+
9. Kd2 Qf4+ 10. Kc2 Qxe4+ 11. Kb2 Ng4 12. fxe6 Bxe6 13. Nd2 Qf5 14. Nh3 cxd4
15. c4 Ne3 16. Qa4 Nf6 17. Nf3 Qc5 18. Bxe3 dxe3 19. Nf4 Bg4 20. Nd3 Qb6 21.
Re1 Bxf3 22. gxf3 Qd4+ 23. Ka2 Nd7 24. Bh3 Nb6 25. Qb3 Nxc4 26. b6 Be7 27. Bd7+
Kf8 28. Bb5 d5 29. bxa7 Rxa7 30. Ba6 Rxa6 31. Qxb7 Rxa3+ 32. Kb1 Qa1+ 0-1

[Event "ENCI Limburg-open B"]
[Site "Maastricht"]
[Date "2010.05.22"]
[Round "2"]
[White "Blijlevens, Pim"]
[Black "Snoeck, Rene"]
[Result "1-0"]
[WhiteElo "1908"]
[BlackElo "1985"]
[PlyCount "141"]
[EventDate "2010.05.21"]
[EventType "swiss"]
[EventRounds "7"]
[EventCountry "NED"]
[Source "P.Boonen"]
[SourceDate "2010.10.01"]

1. d4 d5 2. c4 e6 3. Nf3 Nf6 4. Bg5 Be7 5. Nc3 Nbd7 6. e3 O-O 7. Bd3 a6 8. O-O
dxc4 9. Bxc4 c5 10. dxc5 Nxc5 11. b4 Ncd7 12. b5 Qa5 13. Qc2 Bb4 14. Rac1 Bxc3
15. Qxc3 Qxc3 16. Rxc3 Ne4 17. Ra3 Nxg5 18. Nxg5 Nc5 19. Rd1 h6 20. Nf3 Rb8 21.
Ne5 f6 22. Ng6 Re8 23. Be2 Kh7 24. Bh5 e5 25. Rc3 b6 26. Nf4 exf4 27. Bxe8 Bg4
28. f3 Rxe8 29. fxg4 fxe3 30. bxa6 Nxa6 31. Re1 Nb4 32. a3 Nd5 33. Rd3 Re5 34.
g3 Kg6 35. Rb1 Kf7 36. Kf1 Ke6 37. Ke2 h5 38. gxh5 Rxh5 39. h4 Rf5 40. Rxd5
Kxd5 41. Rxb6 Rf2+ 42. Kxe3 Ra2 43. Ra6 Ke5 44. Ra5+ Ke6 45. Kf4 Rc2 46. Ra6+
Kf7 47. h5 Rc7 48. a4 Rc4+ 49. Kf5 Rc5+ 50. Kg4 Kg8 51. a5 Kh7 52. Ra8 Rc4+ 53.
Kh3 Kh6 54. Rh8+ Kg5 55. h6 gxh6 56. a6 Ra4 57. Ra8 Kf5 58. a7 Ra3 59. Kh4 Ra2
60. g4+ Kf4 61. Kh5 Ra6 62. Rf8 Rxa7 63. Rxf6+ Ke5 64. Rf5+ Ke6 65. Kxh6 Ra1
66. Rf2 Rh1+ 67. Kg6 Ke7 68. g5 Ra1 69. Kg7 Ke6 70. g6 Ra7+ 71. Kg8 1-0

[Event "ENCI Limburg-open B"]
[Site "Maastricht"]
[Date "2010.05.22"]
[Round "2"]
[White "Brasse, Bram"]
[Black "Coenen, Bert"]
[Result "0-1"]
[WhiteElo "1764"]
[BlackElo "1844"]
[PlyCount "56"]
[EventDate "2010.05.21"]
[EventType "swiss"]
[EventRounds "7"]
[EventCountry "NED"]
[Source "P.Boonen"]
[SourceDate "2010.10.01"]

1. Nf3 c5 2. c4 b6 3. d4 cxd4 4. Nxd4 Nf6 5. Nc3 Bb7 6. Bg5 e6 7. Ndb5 d6 8. e4
a6 9. Bxf6 gxf6 10. Nd4 Nc6 11. Be2 Rg8 12. Nxc6 Bxc6 13. Bf3 Qc7 14. Qd3 Rc8
15. b3 Rg5 16. Ne2 b5 17. b4 bxc4 18. Qxc4 Qb7 19. a3 d5 20. exd5 Bxd5 21. Bxd5
Rxd5 22. Qh4 Re5 23. Kf1 Qb5 24. Qg4 Rc2 25. Re1 Ra2 26. Qf3 Be7 27. h4 Rexe2
28. Rxe2 Ra1# 0-1

[Event "ENCI Limburg-open B"]
[Site "Maastricht"]
[Date "2010.05.22"]
[Round "2"]
[White "Cebula, Jerzy"]
[Black "Pijlman, Rene"]
[Result "0-1"]
[WhiteElo "2018"]
[BlackElo "1914"]
[PlyCount "70"]
[EventDate "2010.05.21"]
[EventType "swiss"]
[EventRounds "7"]
[EventCountry "NED"]
[Source "P.Boonen"]
[SourceDate "2010.10.01"]

1. e4 c5 2. Nf3 d6 3. d4 cxd4 4. Nxd4 Nf6 5. Nc3 g6 6. Be3 Bg7 7. f3 a6 8. Qd2
Nbd7 9. O-O-O b5 10. g4 Bb7 11. a3 Rc8 12. h4 Ne5 13. h5 Nxf3 14. Nxf3 Nxe4 15.
Nxe4 Bxe4 16. Bd3 Bxf3 17. hxg6 hxg6 18. Rxh8+ Bxh8 19. Rg1 Qd7 20. Qh2 Be5 21.
Qh7 Qe6 22. Rf1 Bxb2+ 23. Kxb2 Qxe3 24. Qg8+ Kd7 25. Qxf7 Bxg4 26. Qxg6 Qe5+
27. Kb1 Be6 28. Qg2 Qd5 29. Qg7 Qa2+ 30. Kc1 Qxa3+ 31. Kd1 Qc5 32. Re1 Rg8 33.
Qh7 Bg4+ 34. Kc1 Qa3+ 35. Kb1 Qb4+ 0-1

[Event "ENCI Limburg-open B"]
[Site "Maastricht"]
[Date "2010.05.22"]
[Round "2"]
[White "Cillen, Jeroen"]
[Black "Demarre, Jan"]
[Result "0-1"]
[WhiteElo "1893"]
[BlackElo "1783"]
[PlyCount "68"]
[EventDate "2010.05.21"]
[EventType "swiss"]
[EventRounds "7"]
[EventCountry "NED"]
[Source "P.Boonen"]
[SourceDate "2010.10.01"]

1. e4 e5 2. Nf3 Nc6 3. d4 exd4 4. Nxd4 Nxd4 5. Qxd4 Ne7 6. Bc4 Nc6 7. Qd5 Qe7
8. Bg5 Qe6 9. O-O Nb4 10. Qxe6+ fxe6 11. Na3 a6 12. c3 Nc6 13. Nc2 Bc5 14. Kh1
b5 15. Be2 O-O 16. Bh4 Bb7 17. Rad1 d6 18. Nd4 Rae8 19. Bh5 g6 20. Bg4 Nxd4 21.
cxd4 Bb6 22. d5 exd5 23. exd5 Bc8 24. Bxc8 Rxc8 25. f3 Rce8 26. Be1 Re2 27. Rd2
Rxd2 28. Bxd2 Rf5 29. g4 Rxd5 30. Bh6 Kf7 31. Re1 Rd3 32. Kg2 Bd4 33. Bg5 Bf6
34. Bc1 Bxb2 0-1

[Event "ENCI Limburg-open B"]
[Site "Maastricht"]
[Date "2010.05.22"]
[Round "2"]
[White "Cromsigt, Jeroen"]
[Black "Gendarme, Pierre"]
[Result "1-0"]
[WhiteElo "1825"]
[BlackElo "1760"]
[PlyCount "41"]
[EventDate "2010.05.21"]
[EventType "swiss"]
[EventRounds "7"]
[EventCountry "NED"]
[Source "P.Boonen"]
[SourceDate "2010.10.01"]

1. e4 e6 2. c4 d5 3. cxd5 exd5 4. exd5 Nf6 5. Bb5+ Nbd7 6. Nc3 Bd6 7. Qe2+ Be7
8. Nf3 O-O 9. Bxd7 Bxd7 10. O-O Bf5 11. Nd4 Bg6 12. Qc4 c6 13. dxc6 Rc8 14. Re1
Bd6 15. g3 Qb6 16. b3 Rfd8 17. Bb2 a6 18. Rac1 Ng4 19. Nd5 Qa7 20. Ne7+ Bxe7
21. Rxe7 1-0

[Event "ENCI Limburg-open B"]
[Site "Maastricht"]
[Date "2010.05.22"]
[Round "2"]
[White "De Ridder, Dieter"]
[Black "Gunther, Marcella"]
[Result "0-1"]
[WhiteElo "1965"]
[BlackElo "1881"]
[PlyCount "68"]
[EventDate "2010.05.21"]
[EventType "swiss"]
[EventRounds "7"]
[EventCountry "NED"]
[Source "P.Boonen"]
[SourceDate "2010.10.01"]

1. e4 e5 2. Nf3 Nc6 3. Bb5 a6 4. Ba4 Nf6 5. Qe2 b5 6. Bb3 Be7 7. c3 O-O 8. O-O
d6 9. Rd1 Na5 10. Bc2 c5 11. d4 cxd4 12. cxd4 Qc7 13. Nc3 Bg4 14. Be3 Rac8 15.
Rac1 Nc4 16. Nd5 Nxd5 17. exd5 Qd7 18. b3 Nxe3 19. Qxe3 exd4 20. Rxd4 Bf6 21.
Rd2 Rfe8 22. Qf4 Bc3 23. Rd4 Bb2 24. Rb1 Bxd4 25. Nxd4 Rxc2 26. Nxc2 Bf5 27.
Qd2 Rc8 28. Rb2 Qc7 29. Ne3 Qc1+ 30. Nd1 Qa1 31. Kf1 Rc1 32. Ke2 Rxd1 33. Qg5
Qxb2+ 34. Kxd1 Bc2+ 0-1

[Event "ENCI Limburg-open B"]
[Site "Maastricht"]
[Date "2010.05.22"]
[Round "2"]
[White "De Ridder, Naomi"]
[Black "Geboers, Jimmy"]
[Result "1/2-1/2"]
[WhiteElo "1799"]
[BlackElo "1977"]
[PlyCount "145"]
[EventDate "2010.05.21"]
[EventType "swiss"]
[EventRounds "7"]
[EventCountry "NED"]
[Source "P.Boonen"]
[SourceDate "2010.10.01"]

1. e4 d5 2. exd5 Qxd5 3. Nc3 Qa5 4. d4 c6 5. Nf3 Bf5 6. Bc4 e6 7. Bd2 Nf6 8.
O-O Nbd7 9. Re1 Qc7 10. Ne2 Bd6 11. Ng3 Bg4 12. Be2 O-O 13. c3 c5 14. Be3 a6
15. dxc5 Bxc5 16. Nd4 Bxe2 17. Qxe2 Nd5 18. Qg4 N7f6 19. Qh4 Nxe3 20. fxe3 Qe5
21. Rad1 Rad8 22. Rd3 Qd5 23. Rdd1 Qxa2 24. b4 Bxd4 25. exd4 Qc2 26. Rc1 Qg6
27. Ne4 Nxe4 28. Qxe4 Qxe4 29. Rxe4 Rc8 30. c4 Rc7 31. c5 Rd8 32. b5 axb5 33.
Rb1 Kf8 34. Rxb5 Rcd7 35. Rb4 Ra8 36. Re2 Ra3 37. Reb2 Rd3 38. Rxb7 Rxb7 39.
Rxb7 Rxd4 40. c6 Rc4 41. c7 Ke8 42. Kf2 Kd7 43. c8=Q+ Kxc8 44. Rxf7 Rc7 45.
Rf8+ Kd7 46. Ke3 Kd6 47. Rf4 Rc2 48. Rg4 g6 49. Kf3 Rc3+ 50. Kf2 Ke5 51. Rh4 h5
52. Ra4 Kf5 53. Ra5+ e5 54. h3 h4 55. Ra8 Kf4 56. Rf8+ Ke4 57. Rh8 Rc2+ 58. Kg1
g5 59. Rf8 Kd4 60. Rf5 e4 61. Rxg5 e3 62. Kf1 Kd3 63. Rd5+ Ke4 64. Rg5 Rf2+ 65.
Ke1 Rf5 66. Rg4+ Kd3 67. Rg8 Rf4 68. Rd8+ Rd4 69. Re8 Rc4 70. Rd8+ Ke4 71. Re8+
Kf4 72. Rg8 Rc1+ 73. Ke2 1/2-1/2

[Event "ENCI Limburg-open B"]
[Site "Maastricht"]
[Date "2010.05.22"]
[Round "2"]
[White "Erin, Igor"]
[Black "Ducarmon, Renzo"]
[Result "0-1"]
[WhiteElo "1794"]
[BlackElo "1922"]
[PlyCount "84"]
[EventDate "2010.05.21"]
[EventType "swiss"]
[EventRounds "7"]
[EventCountry "NED"]
[Source "P.Boonen"]
[SourceDate "2010.10.01"]

1. g3 Nf6 2. Bg2 d5 3. d3 g6 4. Nf3 Bg7 5. O-O O-O 6. c4 c6 7. Qb3 Nbd7 8. cxd5
cxd5 9. d4 Nb6 10. Nc3 Bf5 11. Bf4 Rc8 12. Rac1 Qd7 13. Ne5 Qd8 14. h3 Be6 15.
Qd1 Nc4 16. Nxc4 Rxc4 17. b3 Rc6 18. g4 Qa5 19. Qd2 Qb4 20. g5 Nh5 21. Nxd5 Qa3
22. Nxe7+ Qxe7 23. Bxc6 bxc6 24. Rxc6 Bxh3 25. Rfc1 Qe4 26. f3 Qxf4 27. Qxf4
Nxf4 28. Kh2 Nxe2 29. Kxh3 Nxc1 30. Rxc1 Bxd4 31. Kg4 Re8 32. Rc4 Bb6 33. Rc2
Re1 34. Rc8+ Kg7 35. Rc2 Be3 36. f4 Rf1 37. Rc4 Rxf4+ 38. Rxf4 Bxf4 39. Kxf4 f6
40. gxf6+ Kxf6 41. a4 Ke6 42. Kg5 Kd5 0-1

[Event "ENCI Limburg-open B"]
[Site "Maastricht"]
[Date "2010.05.22"]
[Round "2"]
[White "Frijns, Raoul"]
[Black "Broekmeulen, Joris"]
[Result "0-1"]
[WhiteElo "1729"]
[BlackElo "1864"]
[PlyCount "42"]
[EventDate "2010.05.21"]
[EventType "swiss"]
[EventRounds "7"]
[EventCountry "NED"]
[Source "P.Boonen"]
[SourceDate "2010.10.01"]

1. d4 Nf6 2. Bg5 e6 3. e4 Be7 4. e5 Ne4 5. Bxe7 Qxe7 6. c3 f6 7. Bd3 Ng5 8.
Qh5+ Nf7 9. f4 f5 10. Nf3 b6 11. Nbd2 Bb7 12. O-O Nc6 13. b4 g6 14. Qh4 Qxh4
15. Nxh4 Ne7 16. a3 h6 17. c4 g5 18. fxg5 hxg5 19. Nhf3 Ng6 20. g4 Nf4 21. Bc2
fxg4 0-1

[Event "ENCI Limburg-open B"]
[Site "Maastricht"]
[Date "2010.05.22"]
[Round "2"]
[White "Geib, Volker"]
[Black "Begri, Felix"]
[Result "1-0"]
[WhiteElo "1799"]
[BlackElo "1905"]
[PlyCount "109"]
[EventDate "2010.05.21"]
[EventType "swiss"]
[EventRounds "7"]
[EventCountry "NED"]
[Source "P.Boonen"]
[SourceDate "2010.10.01"]

1. e4 e6 2. d4 d5 3. exd5 exd5 4. Bd3 Bd6 5. Ne2 Nc6 6. c3 Nge7 7. Bf4 Bxf4 8.
Nxf4 Qd6 9. Qd2 Bd7 10. Na3 g5 11. Ne2 O-O-O 12. O-O-O h6 13. Rde1 f5 14. f4 g4
15. Nc2 h5 16. b3 Rde8 17. c4 dxc4 18. bxc4 Ng6 19. d5 Nce7 20. g3 c6 21. dxc6
Bxc6 22. Rhf1 Rd8 23. Rd1 Bf3 24. Qa5 Qb6 25. Bxf5+ Kb8 26. Rxd8+ Rxd8 27. Qxb6
axb6 28. Bxg6 Nxg6 29. Ned4 Be4 30. Nb5 Bf3 31. Ncd4 Bc6 32. Kc2 Re8 33. Kd2 h4
34. f5 Ne5 35. Kc3 hxg3 36. hxg3 Nf3 37. Nxf3 Bxf3 38. Rf2 Rf8 39. Nd4 Bd1 40.
Rf4 Kc8 41. Kd2 Ba4 42. Rxg4 Kd7 43. Ke3 Kd6 44. Kf4 Bd7 45. Rg7 Bc8 46. Kg5
Ke5 47. Nf3+ Ke4 48. Nd2+ Ke3 49. Nf1+ Kf2 50. f6 Kxf1 51. f7 Be6 52. Kf6 Bxf7
53. Rxf7 Rc8 54. g4 Rxc4 55. g5 1-0

[Event "ENCI Limburg-open B"]
[Site "Maastricht"]
[Date "2010.05.22"]
[Round "2"]
[White "Goes, Dirk"]
[Black "Willen, Ronny"]
[Result "1-0"]
[WhiteElo "1971"]
[BlackElo "1899"]
[PlyCount "73"]
[EventDate "2010.05.21"]
[EventType "swiss"]
[EventRounds "7"]
[EventCountry "NED"]
[Source "P.Boonen"]
[SourceDate "2010.10.01"]

1. d4 Nf6 2. Bg5 Ne4 3. Bh4 c5 4. f3 Qa5+ 5. c3 Nf6 6. d5 d6 7. e4 Nbd7 8. Nd2
g6 9. a4 Bg7 10. Qc2 O-O 11. Nc4 Qc7 12. a5 Re8 13. Nh3 h6 14. g4 Ne5 15. Be2
Nxc4 16. Bxc4 Bd7 17. O-O Qc8 18. Nf2 Rb8 19. Qe2 g5 20. Bg3 Nh7 21. Nd1 Nf8
22. Ne3 Ng6 23. Bb5 Nf4 24. Bxf4 gxf4 25. Bxd7 Qxd7 26. Ng2 Be5 27. Qd2 e6 28.
Nxf4 Kh7 29. Nh5 Rg8 30. Rf2 Rg6 31. Kh1 Qe7 32. Rg2 Rbg8 33. Rag1 Qh4 34. Qf2
Qe7 35. f4 Bh8 36. f5 exf5 37. exf5 1-0